Hacia el reconocimiento de los derechos políticos de los pueblos originarios : el modelo de cogestión en Isla de Pascua /

El estado chileno monopoliza el campo de acción política acerca de los territorios indígenas en nombre de la integridad territorial. Mientras tanto, el pluralismo político parece estar instalándose en Isla de Pascua. El objetivo de este artículo es explicar el proceso de la estrategia de "rapanuizac...

Descripción completa

Detalles Bibliográficos
Autor principal: Andueza G., Pablo
Formato: Analitica de revista
Lenguaje:español
Publicado: San Pedro de Atacama Universidad Católica del Norte 2000
Materias:

MARC

LEADER 00000cab a2200000 a 4500
001 031523
003 UAHC_CL
005 20170803123352.0
008 050504b xx j 000 1 spa
040 |a UAHC_CL  |c UAHC_CL  |d UAHC_CL 
100 1 |a Andueza G., Pablo 
245 1 0 |a Hacia el reconocimiento de los derechos políticos de los pueblos originarios :  |b el modelo de cogestión en Isla de Pascua /  |c Pablo Andueza G. 
260 |b Universidad Católica del Norte  |a San Pedro de Atacama  |c 2000 
500 |a En: Estud. atacam., 2000, no.19, p.113-120. ISSN 0718-1043. 
520 |a El estado chileno monopoliza el campo de acción política acerca de los territorios indígenas en nombre de la integridad territorial. Mientras tanto, el pluralismo político parece estar instalándose en Isla de Pascua. El objetivo de este artículo es explicar el proceso de la estrategia de "rapanuización" en la isla, y cómo la administración compartida de Isla de Pascua entre el gobierno chileno y el pueblo rapanui va imponiéndose en los procedimientos políticos así como en la ley chilena substantiva. 
520 |a El estado chileno monopoliza el campo de acción política acerca de los territorios indígenas en nombre de la integridad territorial. Mientras tanto, el pluralismo político parece estar instalándose en Isla de Pascua. El objetivo de este artículo es explicar el proceso de la estrategia de "rapanuización" en la isla, y cómo la administración compartida de Isla de Pascua entre el gobierno chileno y el pueblo rapanui va imponiéndose en los procedimientos políticos así como en la ley chilena substantiva. 
650 4 |a INDIOS DE CHILE  |x DERECHO 
759 |a PP063 
773 0 |t Estudios Atacameños.  |w 031462 
900 |a ESTUD. ATACAMEÑOS-19/00 
942 |c REVA 
952 |0 0  |1 0  |4 0  |6 ESTUD___ATACAMEÑOS19_00_000000000000000  |7 0  |8 General  |9 61600  |a BC  |b BC  |c General  |d 2017-08-03  |l 0  |o ESTUD. ATACAMEÑOS-19/00  |p FICTICIO2383  |r 2019-01-08 00:00:00  |t 1  |w 2017-08-03  |y REVA 
999 |c 31523  |d 31523